000
00328nam a2200121 a 4500
005
20140414131849.0
008
100728s19uu xx 00 eng d
050
_a
ER
_b
R27 2000
100
_a
Reimer, Luther
245
_a
Wilamina and the weather conditions.
260
_a
Australia :
_b
Macmillan Ed LTD,
_c
2000.
999
_c
110117
_d
110117